000
00245nam a2200097Ia 4500
001
833596
005
20250826172417.0
008
250824s9999 xx 000 0 und d
245
0
_a
ÇALIKUŞU
_c
REŞAT NURİ GÜNTEKİN
260
_b
İNKILAP YAYINLARI
999
_c
833596
_d
833596